| 000 | 00458nam a22001457a 4500 | ||
|---|---|---|---|
| 999 |
_c24816 _d24816 |
||
| 003 | NUST | ||
| 008 | 150528b xxu||||| |||| 00| 0 eng d | ||
| 020 |
_a978-969-8535-18-6 _cAvailable |
||
| 038 | _aNusrat Nadeem | ||
| 082 | _a954.9042092 BAZ | ||
| 100 |
_aAslam Bazmi _99273 |
||
| 245 |
_aOur Quaid :As Remembered and Reported _cBazmi Aslam |
||
| 260 |
_aIslamabad _bNUST Publishing National University Science & Technology Islamabad _c2014 |
||
| 942 |
_2ddc _cBK |
||